000 00521nam a22001937a 4500
999 _c16518
_d16518
003 OSt
005 20171003093647.0
008 171003b xxu||||| |||| 00| 0 eng d
020 _a9789966102454
040 _aKABU
_cKABU
050 _aQC23
_b.K46 2016 Bk3
110 _aKenya Literature Bureau
245 _aSecondary physics
_bstudents' book three
250 _a4th ed.
260 _aNairobi
_bKLB
_c2016
300 _a247 p.
650 _aPhysics
942 _2lcc
_cRES
_hQC23
_i.K46 2016 Bk3